| 000 | 00558nam a22001817a 4500 | ||
|---|---|---|---|
| 003 | CEME | ||
| 005 | 20210628202952.0 | ||
| 008 | 210119b xxu||||| |||| 00| 0 eng d | ||
| 020 | _a969-415-060-4 | ||
| 040 | _c. | ||
| 082 | _a923.2 MAD | ||
| 100 |
_aRiaz Ahmad . Prog Dr _962620 |
||
| 245 | _aMadr-i-millat mohtarm fiatima jinnah, a chronology 1893-1967 | ||
| 260 |
_aRAWALPINDI _bNATIONAL ARCHIVES OF PAKISTAN _c2003 |
||
| 300 | _aVII, 80 P | ||
| 650 |
_aBIOGRAPHY-MADR-I-MILLAT MOHTARM FIATIMA JINNAH - CHRONOLOGY 1893-1967 _962621 |
||
| 942 |
_cBK _2ddc |
||
| 999 |
_c571679 _d571679 |
||